NBA Zwycięzcy nagrody DPOY - Statystyki

Ogólne statystyki
  • Ten quiz został rozwiązany 166 razy
    40 od ostatniego zresetowania
  • Średni wynik to 14 z 26
Statystyki odpowiedzi
Giannis Antetokounmpo % Poprawnych
Draymond Green
94%
Giannis Antetokounmpo
91%
Dwight Howard
88%
Hakeem Olajuwon
88%
Kawhi Leonard
84%
Kevin Garnett
81%
Michael Jordan
81%
Rudy Gobert
81%
Ben Wallace
78%
David Robinson
75%
Dennis Rodman
75%
Gary Payton
69%
Dikembe Mutombo
63%
Marc Gasol
59%
Jaren Jackson Jr.
56%
Evan Mobley
53%
Alonzo Mourning
50%
Marcus Smart
50%
Joakim Noah
47%
Ron Artest
22%
Sidney Moncrief
13%
Marcus Camby
9%
Mark Eaton
9%
Tyson Chandler
9%
Alvin Robertson
6%
Michael Cooper
3%
Nie znaleziono quizów pasujących do podanych kryteriów
Rozkład punktacji
Procent ludzi z każdym wynikiem
Percentyl według liczby udzielonych odpowiedzi
Twoja historia wyników
Nie rozwiązałeś tego quizu od ostatniego zresetowania